LDR 00816naa#a2200169#i#450# 001 RU\\bibl\121024 005 20260430233832.4 011 ## _a1994-5655 100 ## _a20260428b2026####ek#y0rusy0150####ca 102 ## _aRU 200 1# _aК вопросу признания патриаршего достоинства Болгарской православной церкви Кипрской Архиепископией (1953-1961) _eЖурнальная статья 210 1# _aСыктывкар _cФГБУ ФИЦ «Коми научный центр Уральского отделения Российской академии наук» _d2026 215 ## _a5 с. 608 ## _aЖурнальная статья _2local 675 ## _aДоминиканцы. 271.2 _z 700 #1 _aПашков _gН. О. 856 4# _akomisc.editorum.ru _u